Statistics for Roblox Bubble Gum Simulator - Starter Area Gum

Click here to take the quiz!

General Stats

  • This quiz has been taken 21 times
  • The average score is 6 of 12

Answer Stats

CapacityAnswer% Correct
25Normal
83%
300Epic
67%
5,500Ultra
58%
1,750Omega
50%
550Super
50%
3,500Monster
42%
1,000Super Duper
42%
170Chewy
33%
250Extra Chewy
33%
100Extra Stretchy
33%
45Stretchy
33%
2,250Unreal
33%

Score Distribution

Percentile by Number Answered

Percent of People with Each Score

Your Score History

You have not taken this quiz